Nuclear power plant technology. (Record no. 545874)

000 -LEADER
fixed length control field 00470cam a22001571 4500
082 00 - DEWEY DECIMAL CLASSIFICATION NUMBER
Classification number 621.483
Author Mark WIL
-- L-13, P-80
100 1# - MAIN ENTRY--PERSONAL NAME
Personal name Wills, J. George.
9 (RLIN) 41852
245 10 - TITLE STATEMENT
Title Nuclear power plant technology.
260 ## - PUBLICATION, DISTRIBUTION, ETC.
Place of publication, distribution, etc. New York,
Name of publisher, distributor, etc. Wiley
Date of publication, distribution, etc. [1967]
300 ## - PHYSICAL DESCRIPTION
Extent xi, 323 p.
Other physical details illus. (part col.)
Dimensions 27 cm.
526 ## - STUDY PROGRAM INFORMATION NOTE
Program name 0
Interest level 0
Reading level 0
Title point value 621_483000000000000_WIL
650 #0 - SUBJECT ADDED ENTRY--TOPICAL TERM
Topical term or geographic name entry element MCE
9 (RLIN) 379
650 #0 - SUBJECT ADDED ENTRY--TOPICAL TERM
Topical term or geographic name entry element Nuclear engineering.
9 (RLIN) 41853
650 #0 - SUBJECT ADDED ENTRY--TOPICAL TERM
Topical term or geographic name entry element Nuclear power plants.
9 (RLIN) 28275
942 ## - ADDED ENTRY ELEMENTS (KOHA)
Source of classification or shelving scheme
Koha item type Book
Holdings
Withdrawn status Lost status Source of classification or shelving scheme Damaged status Not for loan Permanent Location Current Location Date acquired Total Checkouts Full call number Barcode Date last seen Date last checked out Price effective from Koha item type
          Military College of Engineering (MCE) Military College of Engineering (MCE) 05/29/2014 1 621.483 WIL MCE-3531 06/02/2014 06/02/2014 05/29/2014 Book
© 2023 Central Library, National University of Sciences and Technology. All Rights Reserved.